000 00622nam a22001937a 4500
005 20251108173334.0
008 250721s1997 xx 000 0 ara d
082 1 4 _aط/ 631.6/إست
100 1 _aالخطيب، أحمد شفيق
_eTran.
245 1 0 _aاستزراع الصحاري /
264 1 _aبيروت :
_bمكتبة لبنان،
_c1997.
300 _a31ص.
490 0 _aكتب الفراشة : المعارف الميسرة
650 1 7 _aالصحاري
650 1 7 _aإستصلاح الأراضي
653 _aأطفال مرحلة متوسطة (6-9 سنوات)
942 _2ddc
_cBK
999 _c101622
_d101622